000 00787nam a2200277Ia 4500
003 OSt
005 20220926023121.0
006 a|||||r|||| 00| 0
007 ta
008 220923b |||||||| |||| 00| 0 eng d
037 _cGeneral Book
040 _aRTL
_cRTL
_beng
041 _2eng
_aeng
082 _aX:8, M4
100 _aWren Daniel A
245 0 _aManagement
_b Process structure and behavior
250 _a3ed
260 _aNew York
_bWiley U S A
_c1984
300 _axix, 653p.
_ccm.
490 _a(Wiley series in management)
500 _aPublished previously as principles of management
650 _aManagment
_9241835
700 _a Voich Dan
_9271900
942 _hX:8, M4
_cGB
_2CC
999 _c640992
_d640992